[Event "BCF-chT2b 1819 (4NCL)"]
[Site "England"]
[Date "2019.03.16"]
[Round "7.68"]
[White "Carroll, Peter"]
[Black "York Andersen, Anna"]
[Result "1-0"]
[WhiteElo "1953"]
[BlackElo "1758"]
[PlyCount "123"]
[EventDate "2018.11.10"]
[EventType "team-tourn"]
[EventRounds "11"]
[EventCountry "ENG"]
[SourceTitle "EXT 2021"]
[Source "ChessBase"]
[SourceDate "2020.10.23"]
[SourceVersion "1"]
[SourceVersionDate "2020.10.23"]
[SourceQuality "1"]
[WhiteTeam "Gonzaga"]
[BlackTeam "Cambridge University"]
[WhiteTeamCountry "ENG"]
[BlackTeamCountry "ENG"]

1. e4 c6 2. d4 d5 3. e5 c5 4. dxc5 Nc6 5. a3 Nxe5 6. Bb5+ Nc6 7. c4 e6 8. cxd5 exd5 9. b4 a5 10. Bb2 Qg5 11. Nf3 Qe7+ 12. Kf1 Nf6 13. Nc3 Be6 14. Na4 Nd7 15. Nc3 axb4 16. Nxd5 Bxd5 17. Qxd5 Qxc5 18. Qxc5 Bxc5 19. Bxg7 Rg8 20. axb4 Rxa1+ 21. Bxa1 Bxb4 22. g3 Rg6 23. Bd3 Rh6 24. h4 Nf8 25. Bg7 Rd6 26. Bc2 Ne6 27. Bb2 h5 28. Kg2 b5 29. Rd1 Kd7 30. Ne5+ Nxe5 31. Bxe5 Rxd1 32. Bxd1 Bc5 33. Bxh5 Ke7 34. Kf3 b4 35. Bb2 Bd4 36. Bc1 b3 37. Ba3+ Ke8 38. Bg4 b2 39. Bf5 Kd7 40. Ke2 Bc3 41. Kd1 Kc6 42. Kc2 Be1 43. Bxe6 fxe6 44. h5 b1Q+ 45. Kxb1 Bd2 46. Kc2 Bg5 47. f4 Bh6 48. Kd3 Kd5 49. Bb2 Kd6 50. Ke4 Ke7 51. g4 Kf7 52. g5 Bf8 53. h6 Kg6 54. Bg7 Bxg7 55. hxg7 Kxg7 56. Ke5 Kf7 57. Kd6 Kg6 58. Kxe6 Kg7 59. Ke7 Kg6 60. Ke6 Kg7 61. f5 Kg8 62. Ke7 1-0

[Event "BCF-chT1b 1617 (4NCL)"]
[Site "England"]
[Date "2017.02.12"]
[Round "6.88"]
[White "York Andersen, Anna"]
[Black "Regan, Natasha"]
[Result "0-1"]
[WhiteElo "1788"]
[BlackElo "2034"]
[PlyCount "144"]
[EventDate "2016.11.19"]
[EventType "team-tourn"]
[EventRounds "7"]
[EventCountry "ENG"]
[SourceTitle "EXT 2018"]
[Source "ChessBase"]
[SourceDate "2017.10.13"]
[SourceVersion "1"]
[SourceVersionDate "2017.10.13"]
[SourceQuality "1"]
[WhiteTeam "Anglian Avengers"]
[BlackTeam "Barbican II"]
[WhiteTeamCountry "ENG"]
[BlackTeamCountry "ENG"]

1. e4 e5 2. Nf3 Nc6 3. d4 exd4 4. Nxd4 Bb4+ 5. c3 Be7 6. Be3 Nxd4 7. cxd4 Nf6 8. Nc3 d5 9. e5 Ne4 10. Nxe4 dxe4 11. Bc4 0-0 12. 0-0 Kh8 13. f3 b5 14. Be2 Bb7 15. fxe4 Bxe4 16. Bf3 Qd5 17. Bxe4 Qxe4 18. Qb3 Rad8 19. Rf3 c5 20. Rf4 Qd5 21. Qxd5 Rxd5 22. dxc5 Rxe5 23. Bd4 Bxc5 24. Bxc5 Rxc5 25. Raf1 f6 26. Rd1 Rc7 27. Rb4 a6 28. Rbd4 h6 29. Rd6 Ra8 30. R1d2 Kh7 31. Kf2 Raa7 32. Kf3 Rc5 33. h3 a5 34. R6d5 Rac7 35. Kg3 Kg6 36. Kf3 Kf7 37. Rd7+ Ke6 38. R7d6+ Ke7 39. R6d5 g6 40. g4 b4 41. R5d4 h5 42. Re2+ Kf7 43. Red2 h4 44. Rd6 Rc2 45. Rd7+ Rxd7 46. Rxd7+ Ke6 47. Ra7 Rxb2 48. Rxa5 Rh2 49. g5 fxg5 50. Rxg5 Rxh3+ 51. Kf4 Rg3 52. Rb5 g5+ 53. Ke4 Rg4+ 54. Kf3 Rf4+ 55. Ke3 Kf6 56. a4 bxa3 57. Ra5 Rg4 58. Kf3 Rg3+ 59. Kf2 Ke6 60. Rb5 g4 61. Rb8 Rf3+ 62. Kg2 h3+ 63. Kh2 Rf2+ 64. Kg3 Rg2+ 65. Kf4 a2 66. Re8+ Kd5 67. Ra8 h2 68. Rd8+ Kc4 69. Rc8+ Kb3 70. Rb8+ Kc2 71. Rc8+ Kb1 72. Rb8+ Rb2 0-1

[Event "BCF-chT1b 1617 (4NCL)"]
[Site "England"]
[Date "2017.01.14"]
[Round "3.78"]
[White "York Andersen, Anna"]
[Black "Varney, Zoe"]
[Result "0-1"]
[WhiteElo "1788"]
[BlackElo "1996"]
[PlyCount "98"]
[EventDate "2016.11.19"]
[EventType "team-tourn"]
[EventRounds "7"]
[EventCountry "ENG"]
[SourceTitle "EXT 2018"]
[Source "ChessBase"]
[SourceDate "2017.10.13"]
[SourceVersion "1"]
[SourceVersionDate "2017.10.13"]
[SourceQuality "1"]
[WhiteTeam "Anglian Avengers"]
[BlackTeam "Oxford"]
[WhiteTeamCountry "ENG"]
[BlackTeamCountry "ENG"]

1. e4 e5 2. Nf3 Nc6 3. d4 exd4 4. Nxd4 Bb4+ 5. c3 Bc5 6. Be3 Bb6 7. Be2 Nf6 8. Nd2 0-0 9. 0-0 Re8 10. Nxc6 bxc6 11. Bxb6 axb6 12. Bd3 d5 13. Re1 Ba6 14. Bc2 d4 15. cxd4 Qxd4 16. Nf3 Qxb2 17. Rb1 Qa3 18. e5 Rad8 19. Qc1 Qxc1 20. Rbxc1 Nd5 21. Bb3 c5 22. Ng5 h6 23. Nf3 Nf4 24. Rcd1 Nd3 25. Re3 c4 26. Bc2 Nb4 27. Rxd8 Rxd8 28. Be4 Rd1+ 29. Re1 Rxe1+ 30. Nxe1 Nxa2 31. Nc2 c5 32. Kf1 Nb4 33. Nxb4 cxb4 34. Ke1 Kf8 35. Kd2 Ke7 36. Bd5 f6 37. f4 Bb5 38. Kc2 Ba4+ 39. Kd2 c3+ 40. Kc1 fxe5 41. fxe5 b3 42. Kb1 b5 43. h3 b4 44. g4 b2 45. Be4 Ke6 46. Bf5+ Kxe5 47. h4 Bc6 48. Kc2 Be4+ 49. Bxe4 Kxe4 0-1

[Event "BCF-chT1a 1516 (4NCL)"]
[Site "England"]
[Date "2015.11.14"]
[Round "1.147"]
[White "York Andersen, Anna"]
[Black "Kalaiyalahan, Akshaya"]
[Result "0-1"]
[WhiteElo "1808"]
[BlackElo "2231"]
[PlyCount "72"]
[EventDate "2015.11.14"]
[EventType "team-tourn"]
[EventRounds "7"]
[EventCountry "ENG"]
[SourceTitle "CBM 169 Extra"]
[Source "ChessBase"]
[SourceDate "2015.12.18"]
[SourceVersion "1"]
[SourceVersionDate "2015.12.18"]
[SourceQuality "1"]
[WhiteTeam "White Rose II"]
[BlackTeam "Guildford II"]
[WhiteTeamCountry "ENG"]
[BlackTeamCountry "ENG"]

1. e4 c5 2. Nf3 Nc6 3. Bb5 g6 4. Bxc6 dxc6 5. d3 Bg7 6. h3 e5 7. Be3 b6 8. Nc3 Ne7 9. Nh2 Be6 10. 0-0 0-0 11. Qd2 Re8 12. Bh6 Bh8 13. f4 exf4 14. Bxf4 c4 15. Nf3 cxd3 16. cxd3 Qd7 17. Ng5 Rad8 18. Nxe6 Qxe6 19. Rad1 Rd7 20. Rf3 c5 21. Qf2 Red8 22. Kh1 c4 23. Nb5 cxd3 24. Nc7 Qxa2 25. Bg3 Qxb2 26. Rd2 Qc1+ 27. Kh2 Bd4 28. Qe1 Qxe1 29. Bxe1 Rxc7 30. Rfxd3 Rcd7 31. Bg3 Bg1+ 32. Kxg1 Rxd3 33. Rxd3 Rxd3 34. Bb8 Nc6 35. Bc7 Rd2 36. e5 b5 0-1

[Event "BCF-chT1b 1415 (4NCL)"]
[Site "England"]
[Date "2015.01.11"]
[Round "4.178"]
[White "York Andersen, Anna"]
[Black "Regan, Natasha"]
[Result "1/2-1/2"]
[WhiteElo "1806"]
[BlackElo "2051"]
[PlyCount "52"]
[EventDate "2014.11.15"]
[EventType "team-swiss"]
[EventRounds "11"]
[EventCountry "ENG"]
[SourceTitle "EXT 2016"]
[Source "ChessBase"]
[SourceDate "2015.10.08"]
[SourceVersion "1"]
[SourceVersionDate "2015.10.08"]
[SourceQuality "1"]
[WhiteTeam "Hackney"]
[BlackTeam "Barbican II"]
[WhiteTeamCountry "ENG"]
[BlackTeamCountry "ENG"]

1. e4 Nf6 2. e5 Nd5 3. d4 d6 4. c4 Nb6 5. exd6 exd6 6. Nc3 Be7 7. Bd3 c6 8. Nge2 Na6 9. Be3 Nb4 10. b3 Nxd3+ 11. Qxd3 0-0 12. 0-0 Re8 13. Rfe1 g6 14. Ng3 d5 15. c5 Nd7 16. Bf4 b6 17. b4 a5 18. a3 Ba6 19. Qd2 Bf6 20. Rxe8+ Qxe8 21. Re1 Qd8 22. Nf1 axb4 23. axb4 bxc5 24. bxc5 Bg7 25. Ne3 Qf6 26. Ng4 Qd8 1/2-1/2

[Event "BCF-chT1b 1415 (4NCL)"]
[Site "England"]
[Date "2015.01.10"]
[Round "3.168"]
[White "Prior, Stephen"]
[Black "York Andersen, Anna"]
[Result "1-0"]
[WhiteElo "2028"]
[BlackElo "1806"]
[PlyCount "75"]
[EventDate "2014.11.15"]
[EventType "team-swiss"]
[EventRounds "11"]
[EventCountry "ENG"]
[SourceTitle "EXT 2016"]
[Source "ChessBase"]
[SourceDate "2015.10.08"]
[SourceVersion "1"]
[SourceVersionDate "2015.10.08"]
[SourceQuality "1"]
[WhiteTeam "Grantham Sharks"]
[BlackTeam "Hackney"]
[WhiteTeamCountry "ENG"]
[BlackTeamCountry "ENG"]

1. e4 c6 2. d4 d5 3. e5 c5 4. dxc5 Nc6 5. Bb5 e6 6. Nf3 Bxc5 7. 0-0 Nge7 8. b3 0-0 9. Bb2 a6 10. Bd3 h6 11. Nc3 Qc7 12. Re1 b5 13. a3 Bb7 14. Ne2 Rfd8 15. Ned4 Nxd4 16. Nxd4 Nc6 17. Nxc6 Qxc6 18. Qg4 Kh8 19. Bc1 Qc7 20. Qh5 Bf8 21. Bd2 d4 22. f4 g6 23. Qh4 Qe7 24. Qh3 Kh7 25. g4 Bg7 26. f5 exf5 27. gxf5 Bxe5 28. Qxh6+ Kg8 29. fxg6 fxg6 30. Qxg6+ Qg7 31. Rxe5 Qxg6+ 32. Bxg6 Kg7 33. Bd3 Kf6 34. Rf5+ Ke6 35. Re1+ Kd6 36. Rf6+ Kd7 37. Bf5+ Kc7 38. Bf4+ 1-0

[Event "High Wycombe e2e4 op 10"]
[Site "High Wycombe"]
[Date "2012.10.13"]
[Round "3"]
[White "Claridge Hansen, William"]
[Black "York Andersen, Anna"]
[Result "1-0"]
[WhiteElo "1803"]
[BlackElo "1825"]
[PlyCount "71"]
[EventDate "2012.10.12"]
[EventType "swiss"]
[EventRounds "5"]
[EventCountry "ENG"]
[SourceTitle "EXT 2013"]
[Source "ChessBase"]
[SourceDate "2012.11.22"]
[SourceVersion "1"]
[SourceVersionDate "2012.11.22"]
[SourceQuality "1"]

1. c4 Nf6 2. g3 c6 3. Bg2 d5 4. Nf3 g6 5. 0-0 Bg7 6. d4 0-0 7. b3 Nbd7 8. Bb2 b6 9. Nbd2 Bb7 10. Re1 Rc8 11. Rc1 c5 12. cxd5 Nxd5 13. Nc4 Nb4 14. a3 Nc6 15. d5 Ncb8 16. Bxg7 Kxg7 17. e4 b5 18. Nce5 Nxe5 19. Nxe5 Qc7 20. Nd3 Qb6 21. Nxc5 Rfd8 22. Nxb7 Qxb7 23. e5 e6 24. d6 Qa6 25. Qf3 Nd7 26. Rc7 Rxc7 27. dxc7 Rc8 28. Qc3 Nb6 29. Rd1 Nd5 30. Bxd5 exd5 31. Rxd5 Qe6 32. Rd8 h5 33. Rxc8 Qxc8 34. Qc5 h4 35. Qd6 Qf5 36. Qf6+ 1-0

[Event "High Wycombe e2e4 op 10"]
[Site "High Wycombe"]
[Date "2012.10.13"]
[Round "2"]
[White "York Andersen, Anna"]
[Black "Hasman, Cengiz"]
[Result "0-1"]
[WhiteElo "1825"]
[BlackElo "2139"]
[PlyCount "82"]
[EventDate "2012.10.12"]
[EventType "swiss"]
[EventRounds "5"]
[EventCountry "ENG"]
[SourceTitle "EXT 2013"]
[Source "ChessBase"]
[SourceDate "2012.11.22"]
[SourceVersion "1"]
[SourceVersionDate "2012.11.22"]
[SourceQuality "1"]

1. e4 Nf6 2. e5 Nd5 3. d4 d6 4. c4 Nb6 5. exd6 exd6 6. Nc3 Nc6 7. h3 Be7 8. Nf3 0-0 9. Be3 Bf5 10. d5 Nb8 11. Nd4 Bg6 12. Be2 N8d7 13. 0-0 Re8 14. f4 Bf6 15. Qd2 Qe7 16. Bf2 h6 17. Rae1 Nc5 18. b3 Qf8 19. b4 Ne4 20. Nxe4 Rxe4 21. Bd3 Rxd4 22. Bxd4 Bxd4+ 23. Kh1 Bxd3 24. Qxd3 Bf6 25. Re4 Re8 26. Rfe1 Rxe4 27. Rxe4 Nc8 28. Qe3 Be7 29. f5 Bg5 30. Qe1 Ne7 31. h4 Bf6 32. g4 Be5 33. Qf2 f6 34. Qxa7 Qc8 35. Qf2 c6 36. dxc6 Qxc6 37. Qg2 Qa4 38. b5 Qb4 39. Qc2 Qa3 40. Qg2 Qd3 41. a4 Qb1+ 0-1

[Event "Wch U20 Girls 30th"]
[Site "Athens"]
[Date "2012.08.14"]
[Round "12"]
[White "Olenina, Aysa"]
[Black "York Andersen, Anna"]
[Result "1/2-1/2"]
[WhiteElo "2095"]
[BlackElo "1828"]
[PlyCount "64"]
[EventDate "2012.08.02"]
[EventType "swiss"]
[EventRounds "13"]
[EventCountry "GRE"]
[SourceTitle "CBM 149 Extra"]
[Source "ChessBase"]
[SourceDate "2012.08.24"]
[SourceVersion "1"]
[SourceVersionDate "2012.08.24"]
[SourceQuality "1"]

1. e4 c6 2. d4 d5 3. Nd2 dxe4 4. Nxe4 Bf5 5. Ng3 Bg6 6. Nh3 Nf6 7. Nf4 e6 8. c3 Bd6 9. h4 Bxf4 10. Bxf4 h6 11. Qb3 Qb6 12. Qa3 Nbd7 13. Be2 c5 14. dxc5 Qxc5 15. b4 Qe7 16. h5 Bh7 17. c4 0-0 18. Qb2 Rfd8 19. 0-0 Rac8 20. Rac1 Ne4 21. Bf3 Ndf6 22. Rfe1 Nd6 23. c5 Nf5 24. Nxf5 Bxf5 25. Bd6 Qd7 26. b5 Bg4 27. Bxg4 Nxg4 28. Qe2 Nf6 29. Red1 Nd5 30. Bg3 Nc3 31. Rxc3 Qxd1+ 32. Qxd1 Rxd1+ 1/2-1/2

[Event "Wch U20 Girls 30th"]
[Site "Athens"]
[Date "2012.08.12"]
[Round "10"]
[White "Psofimi, Milia"]
[Black "York Andersen, Anna"]
[Result "0-1"]
[WhiteElo "1437"]
[BlackElo "1828"]
[PlyCount "64"]
[EventDate "2012.08.02"]
[EventType "swiss"]
[EventRounds "13"]
[EventCountry "GRE"]
[SourceTitle "CBM 149 Extra"]
[Source "ChessBase"]
[SourceDate "2012.08.24"]
[SourceVersion "1"]
[SourceVersionDate "2012.08.24"]
[SourceQuality "1"]

1. e4 c6 2. d4 d5 3. exd5 cxd5 4. Nc3 Nf6 5. Nf3 Nc6 6. a3 Bg4 7. Qd3 e6 8. Be2 Be7 9. Bf4 a6 10. h3 Bxf3 11. Bxf3 Bd6 12. Be3 Na5 13. Nd1 Nc4 14. Qb3 Qc7 15. Be2 b5 16. Bc1 0-0 17. Qf3 Qa5+ 18. c3 Qc7 19. Bd3 e5 20. Bxc4 dxc4 21. dxe5 Bxe5 22. 0-0 Rad8 23. Re1 Rd3 24. Qf5 Rd5 25. Qf3 Rfd8 26. Bg5 Bh2+ 27. Kh1 Rxg5 28. g3 Bxg3 29. fxg3 Rxg3 30. Qf2 Rxh3+ 31. Kg2 Ng4 32. Qe2 Qg3+ 0-1

[Event "Wch U20 Girls 30th"]
[Site "Athens"]
[Date "2012.08.06"]
[Round "5"]
[White "York Andersen, Anna"]
[Black "Medeiros, Thauane Ferreira"]
[Result "0-1"]
[WhiteElo "1828"]
[BlackElo "1855"]
[PlyCount "72"]
[EventDate "2012.08.02"]
[EventType "swiss"]
[EventRounds "13"]
[EventCountry "GRE"]
[SourceTitle "CBM 149 Extra"]
[Source "ChessBase"]
[SourceDate "2012.08.24"]
[SourceVersion "1"]
[SourceVersionDate "2012.08.24"]
[SourceQuality "1"]

1. e4 c5 2. c4 d6 3. Nc3 Nf6 4. g3 g6 5. Bg2 Bg7 6. Nge2 0-0 7. 0-0 Nc6 8. d3 Bd7 9. h3 a6 10. Be3 Rb8 11. d4 cxd4 12. Nxd4 Ne8 13. Nde2 Na5 14. b3 b5 15. cxb5 Bxb5 16. Rc1 Bd7 17. Qd2 Nb7 18. Nd5 Na5 19. Nxe7+ Qxe7 20. Qxa5 f5 21. exf5 Rxf5 22. Qd2 Nf6 23. Nc3 Rh5 24. Bf4 Bxh3 25. Rfe1 Bxg2 26. Kxg2 Qb7+ 27. f3 Rf8 28. Qxd6 g5 29. Qc7 Qa8 30. Re7 Ne8 31. Qc4+ Kh8 32. g4 Rxf4 33. Rxe8+ Qxe8 34. Ne4 Rh6 35. Qc7 Rxe4 36. Qb7 Rxg4+ 0-1

[Event "Wch U20 Girls 30th"]
[Site "Athens"]
[Date "2012.08.02"]
[Round "1"]
[White "York Andersen, Anna"]
[Black "Ivana Maria, Furtado"]
[Result "0-1"]
[WhiteElo "1828"]
[BlackElo "2102"]
[PlyCount "138"]
[EventDate "2012.08.02"]
[EventType "swiss"]
[EventRounds "13"]
[EventCountry "GRE"]
[SourceTitle "CBM 149 Extra"]
[Source "ChessBase"]
[SourceDate "2012.08.24"]
[SourceVersion "1"]
[SourceVersionDate "2012.08.24"]
[SourceQuality "1"]

1. e4 e6 2. d4 d5 3. Nd2 Nf6 4. e5 Nfd7 5. Bd3 c5 6. c3 Nc6 7. Ne2 cxd4 8. cxd4 f6 9. exf6 Nxf6 10. 0-0 Bd6 11. Nf3 Qc7 12. Bg5 0-0 13. Bh4 Nh5 14. Ng3 Nf4 15. Bc2 g6 16. Ne2 Nxe2+ 17. Qxe2 Rxf3 18. Qxf3 Nxd4 19. Qd1 Bxh2+ 20. Kh1 Nxc2 21. Rc1 Be5 22. Rxc2 Qg7 23. Qd2 Bd7 24. Qb4 Qh6 25. Kg1 Rf8 26. Qg4 Bh2+ 27. Kh1 Bf4 28. g3 Bxg3 29. Qxg3 Rf4 30. Kg2 Qxh4 31. Qxh4 Rxh4 32. Re1 d4 33. Kg3 Rh5 34. Rc7 Rd5 35. Rc2 e5 36. f3 d3 37. Rd2 Bf5 38. Kf2 g5 39. Rg1 h6 40. Ke3 Kg7 41. Rc1 Rd7 42. Rc5 Kf6 43. Rc8 Kf7 44. Rh8 Kg7 45. Re8 Kf6 46. Rh8 Bh7 47. Rf8+ Ke7 48. Rh8 Kf6 49. Rf8+ Rf7 50. Rd8 Re7 51. Rd6+ Kg7 52. Rh2 Bg6 53. Rg2 Kh7 54. Rg4 Bf5 55. Rg2 e4 56. fxe4 Rxe4+ 57. Kd2 Rc4 58. Ke3 Rc2 59. Rd2 g4 60. Rf6 Bg6 61. Rf4 h5 62. Rff2 g3 63. Rg2 h4 64. a4 Kh6 65. Kf4 h3 66. Rxc2 dxc2 67. Rxc2 h2 68. Rc1 g2 69. Kf3 g1Q 0-1

[Event "BCF-chT2c 1112 (4NCL)"]
[Site "England"]
[Date "2012.04.01"]
[Round "8.38"]
[White "York Andersen, Anna"]
[Black "Redman, David J"]
[Result "1/2-1/2"]
[WhiteElo "1755"]
[BlackElo "1804"]
[PlyCount "64"]
[EventDate "2011.11.12"]
[EventType "team-swiss"]
[EventRounds "11"]
[EventCountry "ENG"]
[SourceTitle "EXT 2013"]
[Source "ChessBase"]
[SourceDate "2012.11.22"]
[SourceVersion "1"]
[SourceVersionDate "2012.11.22"]
[SourceQuality "1"]
[WhiteTeam "Sambuca Sharks"]
[BlackTeam "Poisoned Pawns"]
[WhiteTeamCountry "ENG"]
[BlackTeamCountry "ENG"]

1. e4 d5 2. exd5 Nf6 3. d4 Nxd5 4. c4 Nf6 5. h3 Bf5 6. Qa4+ Qd7 7. Qxd7+ Nbxd7 8. Nf3 e6 9. Be2 Be7 10. Nc3 a6 11. Bf4 Bd6 12. Ne5 Bxe5 13. dxe5 Ne4 14. Nxe4 Bxe4 15. 0-0 g5 16. f3 gxf4 17. fxe4 Nxe5 18. Rxf4 0-0-0 19. b3 Rd2 20. Bh5 Rg8 21. Rf2 Rxf2 22. Kxf2 Nd3+ 23. Ke3 Rg3+ 24. Bf3 Nb4 25. Kf4 Rg8 26. a3 Nd3+ 27. Ke3 Ne5 28. Rd1 c5 29. Kf4 Nc6 30. e5 Na5 31. Rd3 h6 32. g4 Kc7 1/2-1/2

[Event "London Classic op"]
[Site "London"]
[Date "2011.12.08"]
[Round "6"]
[White "York Andersen, Anna"]
[Black "Rogers, Timothy"]
[Result "1-0"]
[WhiteElo "1755"]
[BlackElo "2061"]
[PlyCount "127"]
[EventDate "2011.12.03"]
[EventType "swiss"]
[EventRounds "9"]
[EventCountry "ENG"]
[SourceTitle "CBM 145 Extra"]
[Source "ChessBase"]
[SourceDate "2012.01.03"]
[SourceVersion "1"]
[SourceVersionDate "2012.01.03"]
[SourceQuality "1"]

1. e4 c6 2. d4 d5 3. e5 c5 4. dxc5 e6 5. Be3 Nd7 6. Bb5 Qa5+ 7. Nc3 a6 8. Bxd7+ Bxd7 9. Qg4 Ne7 10. Nf3 Nf5 11. Bd4 Bxc5 12. Bxc5 Qxc5 13. 0-0 Rc8 14. Rac1 Qc4 15. Qxc4 Rxc4 16. Nd2 Rc7 17. Nb3 h5 18. Rfd1 g5 19. Nd4 Ne7 20. Nce2 Ng6 21. f4 gxf4 22. Nf3 Bb5 23. Ned4 Ke7 24. Nxb5 axb5 25. Rd4 Rc4 26. c3 Rhc8 27. Rcd1 Kd7 28. a3 Ne7 29. g3 fxg3 30. hxg3 Nf5 31. Rf4 Rxf4 32. gxf4 Rg8+ 33. Ng5 Ne7 34. Kh2 Ng6 35. Ne4 Kc6 36. Nf6 Rd8 37. Kg3 h4+ 38. Kg4 Rh8 39. Rh1 Kc5 40. b3 Ra8 41. Ra1 h3 42. Ra2 Kc6 43. Nh5 h2 44. Rxh2 Rxa3 45. Rb2 Ra1 46. Kg5 Rf1 47. b4 Kd7 48. Ra2 Rf3 49. Rc2 Ke7 50. Rc1 Kd8 51. Kg4 Re3 52. Kg5 Ke7 53. Rc2 Nf8 54. Nf6 Rg3+ 55. Kh4 Rg1 56. Rf2 Ng6+ 57. Kh3 Kd8 58. Kh2 Rd1 59. Ra2 Kc7 60. Ne8+ Kc6 61. Nd6 Nxf4 62. Nxf7 Nd3 63. Nd8+ Kd7 64. Nxb7 1-0